[Event "34th Chess Olympiad (women)"]
[Site "Istanbul"]
[Date "2000.11.10"]
[Round "13.1.1"]
[White "Foisor, Cristina Adela"]
[Black "Xie, Jun"]
[WhiteElo "2386"]
[BlackElo "2568"]
[WhiteCountry "ROM"]
[BlackCountry "CHN"]
[Result "1/2-1/2"]

1. c4 Nf6 2. g3 g6 3. Bg2 d5 4. cxd5 Nxd5 5. Nc3 Nxc3 6. dxc3 Qxd1+ 7. Kxd1 Bg7 
8. h4 h6 9. Be4 Nd7 10. Bc2 Nf6 11. Bd2 O-O 12. Ke1 Rd8 13. Nh3 a5 14. f3 b6 
15. Nf2 Bb7 16. g4 Nd7 17. Be4 Bxe4 18. Nxe4 Ne5 19. h5 g5 20. Rd1 Nc4 
21. Bc1 e6 22. Kf2 f5 23. gxf5 exf5 24. Ng3 Nd6 25. e4 fxe4 26. Nxe4 Nxe4+ 
27. fxe4 Kf7 28. Be3 Ke6 29. Bd4 Be5 30. Bxe5 Kxe5 31. Ke3 Ke6 32. c4 Rxd1 
33. Rxd1 Rg8 34. c5 g4 35. cxb6 cxb6 36. Kf2 Rg5 37. Kg3 Rxh5 38. Kxg4 Rh2 
39. b3 h5+ 40. Kf4 Rxa2 41. e5 Rf2+ 42. Kg3 Rf5 43. Rd6+ Kxe5 44. Rxb6 Ke4 
45. Rb8 Rc5 46. Rb7 Kd5 47. Kf4 Kc6 48. Rh7 Kb6 49. Ke4 Rg5 50. Kf4 Rb5 
51. Rh6+ Kb7 52. Rh7+ Ka6 53. Rh6+ Rb6 54. Rxh5 Rxb3 55. Ke4 Rc3 56. Kd4 Rc7 
57. Rc5 
1/2-1/2

[Event "34th Chess Olympiad (women)"]
[Site "Istanbul"]
[Date "2000.11.10"]
[Round "13.1.3"]
[White "Ionescu-Brandis, Irina"]
[Black "Wang, Lei"]
[WhiteElo "2304"]
[BlackElo "2498"]
[WhiteCountry "ROM"]
[BlackCountry "CHN"]
[Result "0-1"]

1. e4 c5 2. Nf3 d6 3. Bb5+ Nd7 4. O-O Ngf6 5. Re1 a6 6. Bf1 b6 7. d4 cxd4 
8. Nxd4 Bb7 9. f3 e6 10. c4 Be7 11. Nc3 Rc8 12. a4 O-O 13. Kh1 Re8 14. Nc2 Qc7 
15. Ne3 Qb8 16. b3 a5 17. Bb2 Nc5 18. Re2 Red8 19. Qc2 Nh5 20. Rd1 Bg5 
21. Bc1 Bf4 22. g4 Nf6 23. Bb2 Be5 24. Kg1 Nfd7 25. Nb5 Nf8 26. Ng2 Ng6 
27. h4 Nf4 28. Nxf4 Bxf4 29. Nc3 h6 30. Rg2 Be5 31. Rgd2 Bf4 32. Rg2 Be5 
33. Rgd2 Bg3 34. h5 Bf4 35. Rg2 Qc7 36. Ne2 Be5 37. Bc1 f5 38. gxf5 exf5 
39. Bxh6 fxe4 40. f4 Kh7 41. fxe5 gxh6 42. exd6 Rxd6 43. Rxd6 Qxd6 44. Qc3 Rg8 
45. Rxg8 Kxg8 46. Qe3 Qf6 47. Nf4 Qg5+ 48. Kf2 Nxb3 49. Qxb3 Qxf4+ 50. Ke1 Qh4+ 
51. Kd2 Qf2+ 52. Be2 Qc5 53. Qg3+ Qg5+ 54. Qxg5+ hxg5 55. Ke3 Kg7 56. Kd4 Bc6 
57. Bd1 Kh6 58. Ke3 Be8 59. Kxe4 Bxh5 60. Bb3 Be8 61. Bd1 Bh5 62. Bb3 Be2 
63. Ke3 Bg4 64. Kd4 Bf3 65. c5 bxc5+ 66. Kxc5 g4 67. Kd4 Kg5 68. Ke3 Bc6 
69. Bd1 g3 70. Bc2 Kg4 71. Kd4 
0-1

[Event "34th Chess Olympiad (women)"]
[Site "Istanbul"]
[Date "2000.11.10"]
[Round "13.2.3"]
[White "Khurtsidze, Nino"]
[Black "Sergeeva, Maria"]
[WhiteElo "2481"]
[BlackElo "2277"]
[WhiteCountry "GEO"]
[BlackCountry "KAZ"]
[Result "1-0"]

1. d4 Nf6 2. c4 g6 3. Nf3 Bg7 4. g3 O-O 5. Bg2 d6 6. O-O Nbd7 7. Nc3 e5 
8. h3 Re8 9. e4 exd4 10. Nxd4 Nc5 11. Re1 h6 12. b3 Nfd7 13. Be3 Ne5 
14. Qc2 Ne6 15. Rad1 Bd7 16. Kh2 Nc6 17. Nxe6 Bxe6 18. c5 Nb4 19. Qc1 Kh7 
20. Bd4 Bxd4 21. Rxd4 a5 22. cxd6 cxd6 23. Qd2 Rc8 24. Rxd6 Qe7 25. e5 Bf5 
26. a3 Qc7 27. Re3 Nd3 28. Nd5 
1-0

[Event "34th Chess Olympiad (women)"]
[Site "Istanbul"]
[Date "2000.11.10"]
[Round "13.3.1"]
[White "Socko, Monika"]
[Black "Galliamova, Alisa"]
[WhiteElo "2403"]
[BlackElo "2526"]
[WhiteCountry "POL"]
[BlackCountry "RUS"]
[Result "0-1"]

1. d4 d5 2. c4 dxc4 3. e3 e6 4. Bxc4 c5 5. Nf3 a6 6. Qe2 b5 7. Bd3 cxd4 
8. exd4 Nf6 9. O-O Bb7 10. Nc3 Be7 11. Bg5 O-O 12. Rac1 Nbd7 13. Rfd1 b4 
14. Ne4 Nxe4 15. Bxe7 Qxe7 16. Bxe4 Nf6 17. Bxb7 Qxb7 18. Rc4 a5 19. Rdc1 a4 
20. Qd3 h6 21. Ne5 Nd5 22. Qf3 Qa6 23. Rc6 Qa7 24. R1c4 a3 25. b3 Qe7 
26. h3 Qg5 27. Kh2 Rad8 28. Nd3 Rb8 29. g3 Rfd8 30. R6c5 Qf6 31. Kg2 Qxf3+ 
32. Kxf3 g5 33. Kg2 Kg7 34. Ne5 Rb6 35. Rc2 Rb7 36. Nc6 Rd6 37. Na5 Rb8 
38. Nc6 Rb6 39. Ne5 Rd8 40. Nc4 Rbb8 41. Ne5 Rh8 42. Nd3 h5 43. Rc6 h4 
44. g4 Rhd8 45. R2c5 Kf8 46. Kf3 Ne7 47. Rc7 Rxd4 48. Ne5 Rbd8 49. Kg2 R8d5 
50. Rxd5 Nxd5 51. Rxf7+ Kg8 52. Rb7 Rd2 53. Nc6 Rxa2 54. Nxb4 Nf4+ 55. Kf3 Rb2 
56. Nc6 a2 57. Ra7 Nxh3 58. b4 Nxf2 59. b5 Nd3 60. Ke4 h3 61. Ne7+ Kf8 62. Kd4 
0-1

[Event "34th Chess Olympiad (women)"]
[Site "Istanbul"]
[Date "2000.11.10"]
[Round "13.3.2"]
[White "Kovalevskaya, Ekaterina"]
[Black "Dworakowska, Joanna"]
[WhiteElo "2475"]
[BlackElo "2371"]
[WhiteCountry "RUS"]
[BlackCountry "POL"]
[Result "1-0"]

1. e4 c5 2. Nf3 d6 3. d4 cxd4 4. Nxd4 Nf6 5. f3 e5 6. Nb3 d5 7. Bg5 Be6 
8. Bxf6 gxf6 9. exd5 Qxd5 10. Qxd5 Bxd5 11. Nc3 Be6 12. Bb5+ Ke7 13. O-O-O a6 
14. Bd3 h5 15. Be4 Ra7 16. Nd5+ Bxd5 17. Rxd5 b6 18. Rhd1 Rd7 19. Bf5 Bh6+ 
20. Kb1 Rxd5 21. Rxd5 h4 22. a4 Bf4 23. a5 bxa5 24. Nxa5 Bxh2 25. Rc5 Rd8 
26. Rc7+ Kf8 27. Rb7 Kg7 28. c4 e4 29. fxe4 Rd2 30. Be6 Rxg2 31. Rxf7+ Kg6 
32. Rb7 Rg1+ 33. Ka2 Bg3 34. c5 Rc1 35. Nb3 Rd1 36. Bg4 Rd8 37. Na5 Rd4 
38. Bf5+ Kg5 39. Kb3 Be1 40. Rxb8 Bxa5 41. Rg8+ Kf4 42. Rg4+ Ke5 43. Rxh4 Rb4+ 
44. Ka3 Rc4 45. Rh8 Rxc5 46. Re8+ Kd4 47. b4 Rc3+ 48. Ka4 Bc7 49. Re6 a5 
50. bxa5 Rc4+ 51. Kb3 Rc3+ 52. Kb2 Bxa5 53. Rd6+ Kc4 54. Rxf6 Rb3+ 55. Kc2 Rb2+ 
56. Kd1 Bc3 57. Rd6 Bd4 58. Rc6+ Kb5 59. Rc8 Rh2 60. Bg4 Rh8 61. Rc7 Rh4 
62. Bf3 Rh6 63. Ke2 Rc6 64. Rd7 Be5 65. Bh5 Rc7 66. Rd8 Kc4 67. Ke3 Rg7 
68. Be2+ Kc3 69. Rd3+ Kb4 70. Rd5 Rg3+ 71. Kd2 Bf4+ 72. Ke1 Rg5 73. Rd7 Kc5 
74. Bf3 Bd6 75. Ke2 Kc6 76. Rd8 Kc7 77. Ra8 Kd7 78. Ke3 Be5 79. Be2 Rg3+ 
80. Kf2 Rg5 81. Bc4 Kd6 82. Rc8 Bd4+ 83. Kf3 Be5 84. Bd5 Rg3+ 85. Kf2 Rg7 
86. Rc6+ Kd7 87. Ra6 Bd4+ 88. Kf3 Be5 89. Be6+ Ke7 90. Bf5 Kf8 91. Ke2 Rc7 
92. Ra5 Re7 93. Kd3 Kg7 94. Kc4 Kf6 95. Kd5 Bc7 96. Ra6+ Kf7 97. Be6+ Kf6 
98. Bf5+ Kf7 99. Rh6 Bf4 100. Be6+ Kg7 101. Rh4 Bc7 102. e5 Kg6 103. Rg4+ Kh5 
104. Rf4 Kg6 105. Rf8 Kg5 106. Rf6 Bb8 107. Rf5+ Kg6 108. Rf1 Bc7 109. Bf5+ Kg5 
110. e6 Bd8 111. Bd3 Ra7 112. Rf5+ Kh6 113. Rf8 Ba5 114. Rg8 Bb4 115. Rg4 Ba3 
116. Rg6+ Kh5 117. Rg2 Bb4 118. Ke5 Bc3+ 119. Kf5 Kh6 120. Rg6+ Kh7 
121. Rg4 Kh6 122. Rc4 Bb2 123. Rc2 Ra5+ 124. Kf4 Bf6 125. Re2 Bg5+ 
126. Kg4 Ra4+ 127. Be4 Ra5 128. Rh2+ Kg7 129. Bf5 Be7 130. Rh7+ Kf8 
131. Rf7+ Ke8 132. Kf4 Ra4+ 133. Be4 Ra5 134. Rh7 Bd6+ 135. Kg4 Re5 
136. Bg6+ Kf8 137. Rf7+ Kg8 138. Bh7+ Kh8 139. Bf5 Re1 140. Kg5 Ba3 
141. Rb7 Kg8 142. Kf6 Bc5 143. Rb8+ Bf8 144. Bh7+ Kxh7 145. Rxf8 Rf1+ 
146. Ke7 Re1 147. Rf2 Kg6 148. Rg2+ Kh6 149. Kf7 Rf1+ 150. Ke8 Re1 151. e7 Kh5 
152. Rf2 Kg6 153. Kf8 
1-0

[Event "34th Chess Olympiad (women)"]
[Site "Istanbul"]
[Date "2000.11.10"]
[Round "13.3.3"]
[White "Zielinska, Marta"]
[Black "Stepovaia, Tatiana"]
[WhiteElo "2376"]
[BlackElo "2414"]
[WhiteCountry "POL"]
[BlackCountry "RUS"]
[Result "0-1"]

1. d4 d5 2. c4 c6 3. Nf3 dxc4 4. e3 Be6 5. a4 Nf6 6. Na3 c5 7. Bxc4 Bxc4 
8. Nxc4 Nc6 9. O-O cxd4 10. Qb3 Qc8 11. exd4 e6 12. Bf4 Be7 13. Nd6+ Bxd6 
14. Bxd6 Ne4 15. Ba3 Qd7 16. Rfe1 f5 17. Rac1 Rc8 18. h4 h6 19. d5 exd5 
20. Rcd1 Rd8 21. Nd4 Kf7 22. f3 Nf6 23. Nxc6 Qxc6 24. Re7+ Kg6 25. h5+ Nxh5 
26. Rxb7 Rhe8 27. Rxa7 Re2 28. Rb7 Qe8 29. Bc5 Re1+ 30. Rxe1 Qxe1+ 31. Kh2 Re8 
32. Be7 Rxe7 33. Rxe7 Qxe7 34. Qxd5 Qc7+ 35. Kg1 Qc1+ 36. Kh2 Qf4+ 37. Kg1 Qxa4 
38. Qd6+ Nf6 39. b4 Qb5 
0-1

[Event "34th Chess Olympiad (women)"]
[Site "Istanbul"]
[Date "2000.11.10"]
[Round "13.4.2"]
[White "Zatonskih, Anna"]
[Black "Prudnikova, Svetlana"]
[WhiteElo "2446"]
[BlackElo "2425"]
[WhiteCountry "UKR"]
[BlackCountry "YUG"]
[Result "1/2-1/2"]

1. e4 e6 2. d4 d5 3. Nd2 c5 4. exd5 Qxd5 5. Ngf3 cxd4 6. Bc4 Qd6 7. O-O Nf6 
8. Nb3 Nc6 9. Nbxd4 Nxd4 10. Nxd4 a6 11. Bd3 Qc7 12. Re1 Bd7 13. Nf3 Bd6 
14. Qe2 Nd5 15. a3 Nf4 16. Bxf4 Bxf4 17. g3 Bh6 18. Ne5 g6 19. Nxd7 Qxd7 
20. Red1 Qc7 21. Be4 O-O 22. Rd3 Bg7 23. c3 Rad8 24. Rad1 b5 25. Bf3 Bf6 
26. Qe4 Rxd3 27. Rxd3 Rd8 28. Rxd8+ 
1/2-1/2

[Event "34th Chess Olympiad (women)"]
[Site "Istanbul"]
[Date "2000.11.10"]
[Round "13.4.3"]
[White "Chelushkina, Irina"]
[Black "Vasilevich, Tatjana"]
[WhiteElo "2410"]
[BlackElo "2429"]
[WhiteCountry "YUG"]
[BlackCountry "UKR"]
[Result "0-1"]

1. g3 d5 2. Bg2 Nf6 3. Nf3 c5 4. c4 d4 5. d3 Nc6 6. O-O g6 7. e3 Bg7 
8. exd4 cxd4 9. Re1 Nd7 10. Nbd2 O-O 11. Rb1 a5 12. a3 Nc5 13. Ne4 Na6 
14. Nh4 e5 15. f4 f5 16. Ng5 Bf6 17. Bd5+ Kg7 18. Nhf3 h6 19. Ne6+ Bxe6 
20. Bxe6 Nc7 21. fxe5 Be7 22. Bd5 Nxd5 23. cxd5 Qxd5 24. Bd2 g5 25. Qe2 Rae8 
26. Qg2 Qb5 27. h4 g4 28. Nh2 Qxd3 29. Bf4 Qb3 30. Qd2 Qe6 31. Qd3 Rd8 
32. Nf1 Rd5 33. Rbd1 Rfd8 34. Qb3 b5 35. a4 bxa4 36. Qa2 Nb4 37. Qxa4 Rc5 
38. Rd2 Qc6 39. Qxc6 Nxc6 40. Rd3 h5 41. Rdd1 Rdd5 42. Nd2 Rc2 43. e6 Bb4 
44. Kf1 Kf8 45. b3 Ke8 46. e7 Nxe7 47. Bg5 Kf7 48. Bxe7 Bxe7 49. Nc4 Rc3 
50. Re3 Rxe3 51. Nxe3 Rb5 52. Rxd4 Rxb3 53. Nd5 Bd6 54. Ke2 Bxg3 55. Ra4 Rb5 
56. Nc3 Rc5 57. Kd3 Bxh4 58. Kd4 
0-1

[Event "34th Chess Olympiad (women)"]
[Site "Istanbul"]
[Date "2000.11.10"]
[Round "13.5.2"]
[White "Sziva, Erika"]
[Black "Paehtz, Elisabeth"]
[WhiteElo "2311"]
[BlackElo "2343"]
[WhiteCountry "NED"]
[BlackCountry "GER"]
[Result "0-1"]

1. e4 c5 2. Nf3 d6 3. d4 cxd4 4. Nxd4 Nf6 5. Nc3 a6 6. Be3 e5 7. Nb3 Be6 
8. f3 Nbd7 9. g4 h6 10. Qd2 b5 11. O-O-O Be7 12. Kb1 Nb6 13. Bxb6 Qxb6 
14. h4 Rc8 15. Nd5 Bxd5 16. exd5 b4 17. Qe2 Qc7 18. Rh2 Ra8 19. f4 h5 
20. g5 Ng4 21. Rh3 exf4 22. Rd4 O-O 23. Rxf4 Rfe8 24. Re4 Qd7 25. Rf3 Bf8 
26. Bh3 g6 27. Rfe3 Nxe3 28. Bxd7 Rxe4 29. Bc6 Ra7 30. Qf3 Rae7 31. Nd2 Rd4 
32. Nb3 Rxh4 33. a3 bxa3 34. bxa3 Nc4 35. Ka2 Rg4 36. Qf1 Bg7 37. Nc1 Bb2 
38. a4 Ne3 39. Qxa6 Bxc1 40. Qc8+ Kg7 41. Qd8 Nf5 42. Bd7 Bxg5 43. Qc8 Ree4 
44. Bb5 Be3 45. a5 h4 
0-1

[Event "34th Chess Olympiad (women)"]
[Site "Istanbul"]
[Date "2000.11.10"]
[Round "13.5.3"]
[White "Trabert, Bettina"]
[Black "Lanchava, Tea"]
[WhiteElo "2259"]
[BlackElo "2000"]
[WhiteCountry "GER"]
[BlackCountry "NED"]
[Result "0-1"]

1. e4 d6 2. d4 Nf6 3. Nc3 g6 4. g3 Bg7 5. Bg2 O-O 6. Nge2 Nc6 7. h3 e5 
8. Be3 exd4 9. Nxd4 Ne5 10. b3 Re8 11. O-O Ned7 12. Qd2 Nc5 13. f3 c6 
14. Rad1 Qe7 15. Rfe1 Rd8 16. Nxc6 bxc6 17. Bxc5 Bxh3 18. Bd4 Be6 19. f4 Bg4 
20. Rc1 Qc7 21. Qf2 Qa5 22. e5 dxe5 23. Bxe5 Bf5 24. Qe2 Re8 25. Qf3 Rac8 
26. Kh1 h5 27. Na4 Ng4 28. Bc3 Bxc3 29. Rxe8+ Rxe8 30. Qxc3 Qxc3 31. Nxc3 Re3 
32. Na4 Rxg3 33. Bxc6 h4 34. c4 Nf2+ 35. Kh2 Nd3 36. Rf1 Re3 37. Bf3 Ne1 
38. Bd5 Nd3 39. c5 Re2+ 40. Kg1 h3 41. c6 Rc2 42. a3 h2+ 43. Kh1 Bh3 
44. Rb1 Nxf4 45. Be4 Rf2 46. Rd1 f5 47. Bb1 Ne2 48. Rd3 Bg2+ 49. Kxh2 Bxc6+ 
0-1

[Event "34th Chess Olympiad (women)"]
[Site "Istanbul"]
[Date "2000.11.10"]
[Round "13.6.2"]
[White "Lakos, Nikoletta"]
[Black "Shahade, Jennifer"]
[WhiteElo "2327"]
[BlackElo "2238"]
[WhiteCountry "HUN"]
[BlackCountry "USA"]
[Result "1-0"]

1. e4 c5 2. Nf3 d6 3. d4 Nf6 4. Nc3 cxd4 5. Nxd4 g6 6. Be3 Bg7 7. f3 Nc6 
8. Qd2 O-O 9. O-O-O Nxd4 10. Bxd4 Be6 11. Kb1 Qc7 12. g4 Rfc8 13. h4 Qa5 
14. Qg5 b5 15. Qxb5 Qc7 16. Qa4 Rab8 17. Ka1 a5 18. Bb5 Qb7 19. Rb1 d5 
20. g5 Nh5 21. Bxg7 Nxg7 22. exd5 Bxd5 23. Ba6 Qxa6 24. Nxd5 Nf5 25. c3 Rc5 
26. Qe4 Qb7 27. Rhd1 a4 28. h5 Rb5 29. Rd2 a3 30. b3 Rc8 31. c4 Rxd5 
32. Rxd5 Qb6 33. Rbd1 e6 34. R5d2 Ne3 35. Qxe3 
1-0

[Event "34th Chess Olympiad (women)"]
[Site "Istanbul"]
[Date "2000.11.10"]
[Round "13.6.3"]
[White "Epstein, Esther"]
[Black "Gara, Anita"]
[WhiteElo "2224"]
[BlackElo "2291"]
[WhiteCountry "USA"]
[BlackCountry "HUN"]
[Result "1/2-1/2"]

1. e4 c5 2. Nf3 d6 3. c3 Nf6 4. Bd3 Nc6 5. Bc2 Bg4 6. d3 e6 7. Nbd2 Be7 
8. O-O d5 9. Qe1 Qc7 10. h3 Bh5 11. Ba4 O-O 12. Nh2 Bd6 13. Ndf3 Nd7 
14. Qe3 Rad8 15. Re1 d4 16. Qg5 Bxf3 17. Nxf3 dxc3 18. bxc3 Nde5 19. Bxc6 f6 
20. Qe3 Qxc6 21. Nxe5 Bxe5 22. Bb2 Qb5 23. d4 Qxb2 24. dxe5 b6 25. exf6 Rxf6 
26. Rad1 Rff8 27. Rxd8 Rxd8 28. Re2 Qb1+ 29. Kh2 Qd3 30. Qxd3 Rxd3 31. Rc2 c4 
32. a4 Kf7 33. a5 b5 34. a6 Rd6 35. Ra2 Ke7 36. Ra5 Rb6 37. e5 Kd7 38. f4 Kc6 
39. Kg3 Rb8 40. Ra2 Rd8 41. Kg4 Rd3 42. Rc2 Re3 43. h4 Kc5 44. h5 h6 45. Rc1 b4 
46. cxb4+ Kxb4 47. Rb1+ Rb3 48. Re1 c3 49. f5 exf5+ 50. Kxf5 c2 51. Rc1 Kc3 
52. e6 Kd2 53. Rxc2+ Kxc2 54. Ke5 Re3+ 55. Kd6 Kb3 56. e7 Kb4 57. Kd7 Kb5 
58. e8=Q Rxe8 59. Kxe8 Kxa6 60. Kf7 Kb6 61. Kxg7 a5 62. Kxh6 a4 63. g4 a3 
64. g5 a2 65. g6 a1=Q 66. g7 Qf6+ 67. Kh7 Qf5+ 68. Kh6 Qe6+ 69. Kh7 Qf7 
70. h6 Kc7 71. Kh8 Qf6 72. Kh7 Qf7 
1/2-1/2

[Event "34th Chess Olympiad (women)"]
[Site "Istanbul"]
[Date "2000.11.10"]
[Round "13.7.1"]
[White "Voiska, Margarita"]
[Black "Cmilyte, Viktorija"]
[WhiteElo "2330"]
[BlackElo "2335"]
[WhiteCountry "BUL"]
[BlackCountry "LTU"]
[Result "1/2-1/2"]

1. d4 Nf6 2. Nf3 e6 3. e3 c5 4. c4 cxd4 5. exd4 b6 6. Nc3 Bb7 7. Bd3 Be7 
8. O-O O-O 9. b3 d5 10. Bb2 Nc6 11. Rc1 Rc8 12. Re1 h6 13. cxd5 Nxd5 
14. Nxd5 Qxd5 15. Be4 Qh5 16. Re2 Na5 17. Bxb7 Nxb7 18. Rec2 Rxc2 19. Qxc2 Qd5 
20. Qe2 Bf6 21. Rc7 Bd8 22. Rc1 Bf6 23. Rc7 Bd8 24. Rc1 b5 25. Qc2 Bb6 
26. Re1 a6 27. Rc1 Nd6 28. Qc6 Qxc6 29. Rxc6 Nc8 30. Ba3 Rd8 31. Kf1 a5 
32. Bc5 Bxc5 33. Rxc5 Nd6 34. a4 bxa4 35. bxa4 Nf5 36. Rxa5 Nxd4 37. Nxd4 Rxd4 
38. Ke2 f6 39. Ra8+ Kf7 40. a5 Rd5 41. h4 h5 42. a6 Ra5 43. g3 Ra3 
1/2-1/2

[Event "34th Chess Olympiad (women)"]
[Site "Istanbul"]
[Date "2000.11.10"]
[Round "13.7.2"]
[White "Varniene, Rita"]
[Black "Aleksieva, Silvia"]
[WhiteElo "2190"]
[BlackElo "2351"]
[WhiteCountry "LTU"]
[BlackCountry "BUL"]
[Result "0-1"]

1. d4 g6 2. Nf3 Bg7 3. e4 c5 4. d5 d6 5. Nc3 Nf6 6. Be2 O-O 7. O-O Na6 
8. Bf4 Nc7 9. a4 b6 10. Nd2 a6 11. Nc4 Nd7 12. Bg4 Rb8 13. Re1 b5 14. Na5 Bb7 
15. axb5 axb5 16. Qc1 Ne5 17. Bh3 b4 18. Nd1 e6 19. dxe6 fxe6 20. Bh6 Qh4 
21. Bg5 Nf3+ 22. gxf3 Qxh3 23. Nxb7 Rxb7 24. f4 Nb5 25. Re3 Qh5 26. Kg2 Nd4 
27. Rh3 Qg4+ 28. Rg3 Qe2 29. Qe3 Qxc2 30. e5 Nf5 31. Qf3 d5 32. Rh3 h6 
33. Bh4 Rbf7 34. Qg4 Qe4+ 35. Kg1 Nd4 36. Bf6 Ne2+ 37. Kf1 Nxf4 38. Rg3 Qc4+ 
39. Ke1 Bxf6 40. exf6 Rxf6 41. f3 Qe2# 
0-1

[Event "34th Chess Olympiad (women)"]
[Site "Istanbul"]
[Date "2000.11.10"]
[Round "13.7.3"]
[White "Djingarova, Emilia"]
[Black "Domarkaite, Laima"]
[WhiteElo "2263"]
[BlackElo "2187"]
[WhiteCountry "BUL"]
[BlackCountry "LTU"]
[Result "1/2-1/2"]

1. e4 c5 2. Nf3 d6 3. d4 cxd4 4. Nxd4 Nf6 5. Nc3 a6 6. a4 e5 7. Nf3 Qc7 
8. Bg5 Nbd7 9. Nd2 h6 10. Bh4 Be7 11. Bc4 g5 12. Bg3 Nb6 13. Bb3 Be6 14. O-O h5 
15. a5 Nc4 16. Nxc4 Bxc4 17. Bxc4 Qxc4 18. f3 Rc8 19. Ra4 Qc6 20. Bf2 h4 
21. Rb4 Bd8 22. Bb6 Nd7 23. Nd5 Bxb6+ 24. axb6 Qc5+ 25. Kh1 Rc6 26. Rb3 Qxc2 
27. h3 Qxd1 28. Rxd1 Nc5 29. Rc3 Kd7 30. Ne3 Rhc8 31. Ra3 Ke6 32. Nd5 Nd7 
33. Rb3 Rc1 34. Rxc1 Rxc1+ 35. Kh2 Nc5 36. Ra3 Kd7 37. b4 Ne6 38. Rxa6 Kc6 
39. Ra8 Kd7 40. Rh8 Rb1 41. Rh7 Ke8 42. Rh8+ Kd7 43. Rh7 Ke8 44. Rh8+ Kd7 
45. Rh7 
1/2-1/2

[Event "34th Chess Olympiad (women)"]
[Site "Istanbul"]
[Date "2000.11.10"]
[Round "13.8.2"]
[White "Jackova, Jana"]
[Black "Delgado, Crespo Mairelys"]
[WhiteElo "2358"]
[BlackElo "2207"]
[WhiteCountry "CZE"]
[BlackCountry "CUB"]
[Result "0-1"]

1. e4 e6 2. d4 d5 3. Nc3 Nf6 4. Bg5 dxe4 5. Nxe4 Be7 6. Bxf6 Bxf6 7. Nf3 Nd7 
8. c3 b6 9. Bb5 Bb7 10. Nxf6+ gxf6 11. Qe2 Rg8 12. O-O-O Qe7 13. d5 exd5 
14. Bxd7+ Kxd7 15. Qd3 c5 16. Qxh7 Kc7 17. Rhe1 Qd7 18. g3 Rae8 19. Qd3 Re6 
20. h4 Rge8 21. h5 Rh8 22. Rh1 Qa4 23. Ne1 Qxa2 24. Nc2 d4 25. f3 Ba6 
26. Qf5 d3 27. Rxd3 Bxd3 28. Qxd3 Rd6 29. Qe4 Qe6 30. Qa4 Kb7 31. Re1 Qd7 
32. Qe4+ Kc7 33. Qh4 Qf5 34. Qa4 a5 35. Na3 Kd8 36. Nc4 Qg5+ 37. Kc2 Re6 
38. Rd1+ Ke7 39. Qd7+ Kf8 40. g4 f5 41. Nd6 Rf6 42. Rd5 Qf4 43. Nxf5 Re6 
44. Kb3 Qxf3 45. Qd8+ Re8 46. Qd6+ Kg8 47. Re5 Rxe5 48. Qxe5 Qd1+ 49. Ka3 Qa1+ 
50. Kb3 Qd1+ 51. Kc4 Qxg4+ 52. Kb5 Kh7 53. Qf6 Qe2+ 54. Ka4 b5+ 55. Kxa5 Ra8+ 
56. Kb6 Qe6+ 57. Qxe6 fxe6 58. Nd6 c4 59. Kxb5 Rb8+ 60. Kxc4 Rxb2 61. Ne4 Kh6 
62. Nc5 Re2 63. Kd3 Re1 64. Kd2 Re5 65. Nd3 Rxh5 66. c4 Kg5 67. Ke3 Kf5 
68. c5 Rh4 69. Nb2 Rb4 
0-1

[Event "34th Chess Olympiad (women)"]
[Site "Istanbul"]
[Date "2000.11.10"]
[Round "13.8.3"]
[White "Pina, Sulennis"]
[Black "Sikorova, Olga"]
[WhiteElo "2312"]
[BlackElo "2203"]
[WhiteCountry "CUB"]
[BlackCountry "CZE"]
[Result "1-0"]

1. e4 d5 2. exd5 Nf6 3. Bb5+ Bd7 4. Be2 Nxd5 5. d4 Nb6 6. Nf3 Bg4 7. O-O e6 
8. Be3 Nc6 9. Nbd2 Be7 10. c4 O-O 11. b3 Bf5 12. Qc1 Bf6 13. Qc3 Qe7 14. a3 e5 
15. d5 e4 16. Nd4 Nxd4 17. Bxd4 Bxd4 18. Qxd4 Rad8 19. Qe3 c6 20. dxc6 bxc6 
21. f3 Bg6 22. fxe4 c5 23. Rae1 Rfe8 24. Bf3 Rd4 25. Nb1 Qe5 26. Nc3 f5 
27. Qf2 f4 28. Nd5 Nc8 29. Qh4 Rf8 30. Bg4 Rxe4 31. Bxc8 f3 32. Rxe4 Bxe4 
33. Ne7+ Kh8 34. gxf3 Bd3 35. Re1 Qd6 36. Bh3 h6 37. Nd5 Rxf3 38. Bg2 Qg6 
39. Qd8+ Kh7 40. Ne7 
1-0

[Event "34th Chess Olympiad (women)"]
[Site "Istanbul"]
[Date "2000.11.10"]
[Round "13.9.1"]
[White "Calzetta, Monica"]
[Black "Lagvilava, Genrieta"]
[WhiteElo "2282"]
[BlackElo "2318"]
[WhiteCountry "ESP"]
[BlackCountry "BLR"]
[Result "1/2-1/2"]

1. e4 c6 2. d4 d5 3. exd5 cxd5 4. c4 Nf6 5. Nc3 e6 6. Nf3 Be7 7. cxd5 Nxd5 
8. Bc4 O-O 9. O-O Nc6 10. Re1 Nxc3 11. bxc3 Bf6 12. Bf4 Ne7 13. Qd3 b6 
14. Qe4 Bd7 15. Bd3 Ng6 16. Bd6 Bc6 17. Qxc6 Rc8 18. Qxc8 Qxc8 19. Bxf8 Nxf8 
20. Rac1 Nd7 21. c4 g5 22. h3 h5 23. Re4 Be7 24. Bf1 Qd8 25. Rd1 g4 
26. hxg4 Nf6 27. Re5 hxg4 28. Rg5+ Kf8 29. Ne5 Bd6 30. Nxg4 Ne4 31. Rh5 Kg7 
32. Bd3 Ng5 33. Ne5 f5 34. f4 Nf7 35. Be2 Ba3 36. Rd3 Bb2 37. Nc6 Qd6 
38. d5 exd5 39. cxd5 Qxf4 40. Rf3 Qc1+ 41. Kh2 Ba3 42. Rhxf5 Bd6+ 43. g3 Nh6 
44. Nd4 Qd2 45. Rd3 Qb2 46. Rf1 Be5 47. Ne6+ Kh7 48. Re1 Bc3 49. Rxc3 Qxc3 
50. Rd1 Qb2 51. Nf4 Ng4+ 52. Kg1 Qc3 53. Bxg4 Qxg3+ 54. Ng2 Qxg4 55. Rd2 Qb4 
56. Rd1 Qd6 57. Kf2 b5 58. Ne3 a5 59. Kf3 a4 60. Ke4 a3 61. Nf5 Qb4+ 
62. Ke5 Qb2+ 63. Rd4 Qxa2 64. d6 Qh2+ 65. Kf6 a2 66. d7 a1=Q 67. d8=Q Qa6+ 
68. Rd6 Qaxd6+ 69. Qxd6 Qxd6+ 70. Qd6 Qhxd6+ 
1/2-1/2

[Event "34th Chess Olympiad (women)"]
[Site "Istanbul"]
[Date "2000.11.10"]
[Round "13.9.2"]
[White "Popova, Natalija"]
[Black "Hernandez, Yudania"]
[WhiteElo "2297"]
[BlackElo "2322"]
[WhiteCountry "BLR"]
[BlackCountry "ESP"]
[Result "1/2-1/2"]

1. e4 e5 2. Nf3 Nf6 3. d4 Nxe4 4. Bd3 Nc6 5. d5 Nc5 6. dxc6 e4 7. Bc4 exf3 
8. Qxf3 Qe7+ 9. Be3 dxc6 10. O-O Ne6 11. Nc3 Qh4 12. Ne4 Bd6 13. g3 Qe7 
14. Rfe1 O-O 15. Qh5 Re8 16. Bg5 Qf8 17. Bd3 f5 18. Nd2 Bd7 19. Nf3 b5 
20. Be3 g6 21. Qh4 f4 22. gxf4 Nxf4 23. Ng5 h6 24. Bxf4 Bxf4 25. Ne4 g5 
26. Qh5 Qf7 27. Qxf7+ Kxf7 28. Kg2 Re5 29. Ng3 Rae8 30. Rxe5 Bxe5 31. Rb1 c5 
32. b3 Bc6+ 33. Kf1 h5 34. Re1 h4 35. Ne4 g4 36. Nxc5 Bxh2 37. Rxe8 Kxe8 
38. Bf5 Bd6 39. Ne4 Bxe4 40. Bxe4 Ke7 41. Bf5 g3 42. fxg3 hxg3 43. Bh3 Kf6 
44. Ke2 Ke5 45. Kd3 Kd5 46. Bg2+ Kc5 47. c3 a5 48. Bh1 Be5 49. Bg2 Bg7 
50. Bh1 Kd6 51. Bg2 Bf6 52. Ke4 
1/2-1/2

[Event "34th Chess Olympiad (women)"]
[Site "Istanbul"]
[Date "2000.11.10"]
[Round "13.9.3"]
[White "Nieves, Garcia"]
[Black "Zagorskaya, Tatiana"]
[WhiteElo "2000"]
[BlackElo "2125"]
[WhiteCountry "ESP"]
[BlackCountry "BLR"]
[Result "1-0"]

1. d4 d5 2. c4 e6 3. Nc3 f5 4. Nf3 Nf6 5. Bf4 Be7 6. e3 O-O 7. Qc2 c6 
8. Bd3 Ne4 9. g4 g5 10. Be5 Nxc3 11. bxc3 b5 12. cxd5 cxd5 13. gxf5 exf5 
14. Rg1 h6 15. h4 Kh7 16. hxg5 hxg5 17. Nxg5+ Bxg5 18. Qe2 Kh6 19. Rh1+ Bh4 
20. Bg3 Qe8 21. Bf4+ Kg6 22. Qg4+ Kf6 23. Qxh4+ Ke6 24. Qh6+ Rf6 25. Qh8 Bd7 
26. Qxe8+ Bxe8 27. Rh8 Kf7 28. Kd2 Nd7 29. Bxb5 Nb6 30. Bxe8+ Rxe8 31. Rh7+ Kg6 
32. Rah1 
1-0

[Event "34th Chess Olympiad (women)"]
[Site "Istanbul"]
[Date "2000.11.10"]
[Round "13.10.2"]
[White "Sheremetieva, Marina"]
[Black "Voronova, Tatiana"]
[WhiteElo "2340"]
[BlackElo "2278"]
[WhiteCountry "MDA"]
[BlackCountry "LAT"]
[Result "1/2-1/2"]

1. e4 e6 2. d3 d5 3. Nd2 Nf6 4. Ngf3 Nc6 5. c3 a5 6. Qc2 Bd6 7. d4 dxe4 
8. Nxe4 Nxe4 9. Qxe4 O-O 10. Bc4 Qf6 11. O-O e5 12. Bg5 Qf5 13. Qxf5 Bxf5 
14. dxe5 Nxe5 15. Nxe5 Bxe5 
1/2-1/2

[Event "34th Chess Olympiad (women)"]
[Site "Istanbul"]
[Date "2000.11.10"]
[Round "13.11.1"]
[White "Vijayalakshmi, Subbaraman"]
[Black "Hoang, Thanh"]
[WhiteElo "2378"]
[BlackElo "2489"]
[WhiteCountry "IND"]
[BlackCountry "VIE"]
[Result "1/2-1/2"]

1. d4 f5 2. g3 Nf6 3. Bg2 g6 4. Nf3 Bg7 5. O-O O-O 6. c4 d6 7. Nc3 Nc6 
8. d5 Na5 9. Qd3 e5 10. dxe6 Bxe6 11. b3 Nc6 12. Ng5 Bd7 13. Bb2 Kh8 
14. Nd5 Ne5 15. Qd2 h6 16. Nf3 Ne4 17. Qc1 c6 18. Nf4 Kh7 19. Rd1 Qe8 
20. Nxe5 dxe5 21. Nd3 Rd8 22. Bxe4 fxe4 23. Nc5 Bf5 24. Qe3 Qf7 25. Rxd8 Rxd8 
26. Nxe4 Qd7 27. Bc3 b6 28. Re1 c5 29. f3 Qc6 30. Nf2 Re8 31. Rd1 h5 
32. Ne4 Bxe4 33. Qxe4 Qxe4 34. fxe4 Re7 35. Rd5 Bf6 36. a4 Kg7 37. a5 Kf7 
38. a6 Ke6 39. Kf2 Rf7 40. Ke3 Rc7 41. Kd3 g5 42. Kc2 g4 43. Kb2 h4 44. Be1 h3 
45. Bd2 Rf7 46. Be3 Be7 47. Rd1 Bd6 48. Kc2 Kd7 49. b4 Kc6 50. b5+ Kd7 
51. Kd2 Ke6 52. Ke1 Rf8 53. Bc1 Rf7 54. Bg5 Rf8 55. Ra1 Rg8 56. Bh4 Rf8 
57. Kd2 Rf2 58. Bd8 Rf8 59. Bg5 Rf2 60. Rh1 Bc7 61. Ke3 Rf8 62. Kd2 Bd6 
63. Be3 Rf7 64. Kc3 Rf8 65. Rd1 Rf7 66. Kb3 Rf8 67. Ka4 Rf7 68. Bg1 Rf8 
69. Be3 Rf7 
1/2-1/2